Sports Quiz

Random Sports or Baseball Quiz

MLB 500+ at Bat, < 40 Strikeouts Since 1980 Quiz Stats

Quiz Updated Nov 1, 2017

Challenge
Share
Tweet
Embed
Score 0/115 Timer 12:00
4 Plays Today
SO (AB) Player % Correct
15 (535)Tony Gwynn
96.1%
19 (530)Tony Gwynn
96.1%
16 (520)Tony Gwynn
96.1%
23 (606)Tony Gwynn
96.1%
33 (622)Tony Gwynn
96.1%
35 (642)Tony Gwynn
96.1%
35 (589)Tony Gwynn
96.1%
30 (604)Tony Gwynn
96.1%
23 (573)Tony Gwynn
96.1%
28 (592)Tony Gwynn
96.1%
36 (552)Ozzie Smith
72.1%
26 (537)Ozzie Smith
72.1%
27 (514)Ozzie Smith
72.1%
36 (600)Ozzie Smith
72.1%
37 (593)Ozzie Smith
72.1%
33 (512)Ozzie Smith
72.1%
36 (550)Ozzie Smith
72.1%
34 (518)Ozzie Smith
72.1%
18 (545)Ozzie Smith
72.1%
36 (582)Wade Boggs
62.2%
34 (584)Wade Boggs
62.2%
32 (546)Wade Boggs
62.2%
31 (514)Wade Boggs
62.2%
32 (501)Wade Boggs
62.2%
33 (603)Don Mattingly
50.6%
35 (677)Don Mattingly
50.6%
38 (569)Don Mattingly
50.6%
29 (599)Don Mattingly
50.6%
30 (631)Don Mattingly
50.6%
33 (655)Pete Rose
43.1%
32 (634)Pete Rose
43.1%
24 (588)Barry Larkin
40.5%
33 (567)Lance Johnson
40.2%
33 (540)Lance Johnson
40.2%
31 (607)Lance Johnson
40.2%
36 (603)Mark Grace
36.7%
32 (594)Mark Grace
36.7%
28 (510)Mark Grace
36.7%
29 (617)Juan Pierre
32.8%
SO (AB) Player % Correct
35 (668)Juan Pierre
32.8%
35 (678)Juan Pierre
32.8%
38 (699)Juan Pierre
32.8%
37 (668)Juan Pierre
32.8%
38 (540)Rod Carew
31.2%
39 (522)Buddy Bell
29.6%
18 (578)Bill Buckner
27.8%
26 (657)Bill Buckner
27.8%
30 (626)Bill Buckner
27.8%
36 (673)Bill Buckner
27.8%
25 (629)Bill Buckner
27.8%
34 (525)Damaso Garcia
26%
35 (566)Carney Lansford
24.4%
25 (551)Carney Lansford
24.4%
31 (568)Eric Young
22.6%
39 (607)Eric Young
22.6%
27 (507)Carlos Baerga
22%
31 (557)Carlos Baerga
22%
39 (503)Placido Polanco
21.6%
25 (501)Placido Polanco
21.6%
30 (587)Placido Polanco
21.6%
39 (532)Nomar Garciaparra
20.8%
38 (590)Mike Greenwell
20.1%
35 (544)Mike Greenwell
20.1%
35 (506)Manny Castillo
19.9%
37 (516)Ozzie Guillen
19.5%
38 (524)Ozzie Guillen
19.5%
28 (540)Larry Bowa
18.6%
38 (652)Steve Sax
14.5%
35 (553)Willie Randolph
14.4%
39 (568)Bill Madlock
13.8%
34 (580)Rafael Palmeiro
13.6%
34 (530)Harold Reynolds
12.3%
38 (559)Marty Barrett
12.2%
35 (612)Marty Barrett
12.2%
31 (625)Marty Barrett
12%
29 (545)Jason Kendall
10.7%
39 (601)Jason Kendall
10.7%
34 (647)Johnny Ray
9.5%
SO (AB) Player % Correct
26 (576)Johnny Ray
9.5%
31 (555)Johnny Ray
9.5%
24 (594)Johnny Ray
9.5%
38 (602)Johnny Ray
9.5%
30 (530)Johnny Ray
9.5%
34 (526)Jim Gantner
9.1%
22 (502)Brian Harper
8.3%
29 (530)Brian Harper
8.3%
35 (554)Fernando Vina
8.1%
35 (631)Fernando Vina
8.1%
36 (622)Fernando Vina
8.1%
39 (505)Darryl Hamilton
7.8%
38 (530)Bengie Molina
7.6%
32 (530)Joey Cora
7.3%
32 (528)Ted Simmons
7%
36 (571)Sean Casey
6.5%
29 (604)Gregg Jefferies
6.2%
32 (544)Gregg Jefferies
6.2%
32 (555)Gregg Jefferies
6.2%
19 (557)Rich Dauer
6%
34 (558)Rich Dauer
6%
31 (580)Paul Lo Duca
5.8%
38 (512)Paul Lo Duca
5.8%
35 (592)Jerry Remy
5.8%
34 (630)Mickey Rivers
4.7%
36 (501)Rudy Law
4.3%
36 (589)Mike Hargrove
4.2%
33 (505)B.J. Surhoff
4%
36 (536)Gary Disarcina
3.9%
29 (549)Gary Disarcina
3.9%
34 (576)Mickey Hatcher
3.5%
29 (508)Ken Oberkfell
3.5%
39 (525)Casey Kotchman
3.1%
34 (515)Scott Fletcher
2.6%
38 (523)Mike Caruso
1.4%
36 (529)Mike Caruso
1.4%
36 (514)Jeff Keppinger
1%

You're not logged in!

Compare scores with friends on all Sporcle quizzes.
Sign Up with Email
OR
Log In

You Might Also Like...

Show Comments

Extras

Top Quizzes Today


Score Distribution

Your Account Isn't Verified!

In order to create a playlist on Sporcle, you need to verify the email address you used during registration. Go to your Sporcle Settings to finish the process.